| 000 | 01061nam a2200277 i 4500 | ||
|---|---|---|---|
| 003 | IT-RoINE | ||
| 005 | 20190716123758.0 | ||
| 008 | 881227s1981 sp |r|||| 001 | spa d | ||
| 020 | _a8422010194 (obra completa) | ||
| 020 | _a8422010186 (t. 1) | ||
| 040 |
_aSpMaBN _cSpMaBN IT-RoINE _dIT-RoINE |
||
| 041 | 0 |
_aspa _alat |
|
| 245 | 0 | 0 |
_aSynodicon Hispanum. _nI, _pGalicia / _cpor Arturo Bernal Palacios, Enrique Cal Pardo, Francisco Cantelar Rodríguez ... [et al.] ; dirigido por Antonio García García. |
| 260 |
_aMadrid : _bBiblioteca de autores cristianos, _c1981. |
||
| 300 |
_aXXXIX, 627 p. ; _c24 cm. |
||
| 336 |
_2rdacontent _atext |
||
| 337 |
_2rdamedia _aunmediated |
||
| 338 |
_2rdacarrier _avolume |
||
| 500 | _aIncluye índices. | ||
| 504 | _aBibliografía: p. XXXVII-XXXIX. | ||
| 546 | _aTextos en español y latín | ||
| 650 | 4 |
_aConcilios y sínodos _zEspaña _zGalicia _xHistoria _x Fuentes _942306 |
|
| 700 | 1 |
_aBernal Palacios, Arturo, _922764 _dO.P. |
|
| 700 | 1 |
_94988 _aGarcía y García, Antonio, _cO.F.M., _d1928-2013 |
|
| 942 | _cMTS | ||
| 999 |
_c21532 _d21532 |
||